Vida del Almirante Don Cristobal Colón
Furkejuvvon:
| Váldodahkki: | |
|---|---|
| Materiálatiipa: | Girji |
| Giella: | espánnjágiella |
| Almmustuhtton: |
Ciudad de México
Fondo de Cultura Económica
1947
|
| Fáttát: | |
| Fáddágilkorat: |
Lasit fáddágilkoriid
Eai fáddágilkorat, Lasit vuosttaš fáddágilkora!
|
MARC
| LEADER | 00000nam a2200000 a 4500 | ||
|---|---|---|---|
| 001 | UCV9368 | ||
| 003 | CL-VaPUC | ||
| 008 | 920825e19470000MX |||||||||||||||||spa|d | ||
| 082 | 0 | 4 | |a 923.9 |b COL |2 21 |
| 100 | 0 | |a Colón, Hernando |e author |9 303374 | |
| 245 | 1 | 0 | |a Vida del Almirante Don Cristobal Colón |
| 300 | |a 343 p | ||
| 942 | |c BK | ||
| 945 | |d 19920825 00:00:00 | ||
| 260 | |a Ciudad de México |b Fondo de Cultura Económica |c 1947 | ||
| 600 | 0 | 7 | |a COLON, CRISTOBAL |2 CL-VaPUC |9 265189 |
| 583 | |a last modification |c 19920825 00:00:00 |k Rodrigo Vera | ||
| 999 | |c 214717 |d 214715 | ||
| 952 | |0 0 |1 0 |4 0 |6 923_900000000000000_COL_1947 |7 0 |8 A |9 198380 |a BIBARQ |b BIBARQ |d 2019-11-14 |i 2658593 |l 3 |o 923.9 COL 1947 |p 2658593 |r 2025-01-20 |s 2024-12-10 |w 2019-11-14 |y BK |k ARQ | ||
| 952 | |0 0 |1 0 |4 0 |6 923_900000000000000_COL_1947 |7 0 |8 A |9 198381 |a BIBHIS |b BIBHIS |d 2019-11-14 |i 3968545 |o 923.9 COL 1947 |p 3968545 |r 2025-01-20 |w 2019-11-14 |y BK |k HIS | ||